Cuor Di Gorilla Romanzo

সংরক্ষণ করুন:
গ্রন্থ-পঞ্জীর বিবরন
প্রধান লেখক: Gianni Clerici
বিন্যাস: গ্রন্থ
ভাষা:অজানা বা ভুল ভাষা
প্রকাশিত: Bum Mondatori
ট্যাগগুলো: ট্যাগ যুক্ত করুন
কোনো ট্যাগ নেই, প্রথমজন হিসাবে ট্যাগ করুন!

MARC

LEADER 00000nam a2200000Ia 4500
001 R-1679
003 CODICE-MESSINA
005 20260212102511.0
008 260211s9999 xx 000 0 und d
040 |c importazione_messina 
100 |a Gianni Clerici  
245 0 |a Cuor Di Gorilla  
245 0 |b Romanzo 
260 |b Bum Mondatori 
942 |2 ddc  |c BK 
952 |0 0  |1 0  |2 ddc  |4 0  |6 SCAFFALE_16_000000000000000__STANZA_2__FILOSOFIA  |7 0  |9 32519  |a ME  |b ME  |d 2026-02-11  |l 0  |o SCAFFALE 16 - STANZA 2 - FILOSOFIA  |p R-1679  |r 2026-02-11 23:53:14  |w 2026-02-11  |x [REVISIONARE]  |y BK 
999 |c 28186  |d 28186